LEADER 01460nam a2200337 a 4500 001 000000129189 003 CaOOAMICUS 005 20120606111052.0 008 120606s2011 it a u000 u ita r 020 $a978-88-6274-307-5 040 $aPUL$bita 082 04$a232.966 100 1 $aNicolotti, Andrea.$0(OLS)http://pul/name/82690 245 10$aDal Mandylion di Edessa alla Sindone di Torino :$bmetamorfosi di una leggenda /$cAndrea Nicolotti. 260 $aAlessandria :$bEdizioni dell'Orso,$c©2011. 300 $aVIII, 232 p. :$bill. ;$c24 cm 490 1 $aCollana di Studi del Centro di Scienze Religiose ;$v03 500 $aComprende indici. 504 $aBibliografia in nota. 650 4$aSanta Sindone.$0(OLS)http://pul/subject/14358 830 0$aCollana di Studi del Centro di Scienze Religiose ;$v03.$0(OLS)http://pul/title/157506 850 $aPUL 852 $aPUL$W1$xSL Religione 3$y85$m232. 966 NICAN 1$j149595$qDDC 21$B148121$CPULBib$Z2$F148121 $H119987 $82 941 1 $a9 960 $aSacra Sindone$914358 960 $aSindonologia$914358 996 $6020$a978-88-6274-307-5$9(OLS)http://pul/number/149915 996 $6082$a232.966$9(OLS)http://pul/classification/574 996 $6245$aDal Mandylion di Edessa alla Sindone di Torino :$bmetamorfosi di una leggenda$9(OLS)http://pul/title/163250 996 $6260$aAlessandria :$bEdizioni dell'Orso$9(OLS)http://pul/publisher/65310 LEADER 00925nam a2200241 u 4500 001 000000077280 003 CaOOAMICUS 005 20070226123314.0 008 040126s1974 it u000 u ita u 035 $a10982076 040 $aPUL(R)$bita 245 03$aLe origini dell'Universitą /$ctesti a cura di Girolamo Arnaldi. 260 $aBologna :$bIl Mulino,$cstampa 1974. 300 $a217 p. ;$c22 cm 504 $aBibliografia in nota. 533 $aFotocopia. 650 4$aUniversitą$xStoria$ySec. XII-XV.$0(OLS)http://pul/subject/26873 700 1 $aArnaldi, Girolamo.$0(OLS)http://pul/name/2239 850 $aPUL 852 $aPUL$W1$xSL Filosofia 1$y2$m138 A 75$j99306$nBK-PRI$b $qStampati$B99306$CPULBib$Z2$F99306 $HPUL74708 $81 941 1 $a8 996 $6245$aLe origini dell'Universitą $9(OLS)http://pul/title/101329 996 $6260$aBologna :$bIl Mulino$9(OLS)http://pul/publisher/47928